| 000 | 01210cam a22003494a 4500 | ||
|---|---|---|---|
| 001 | 2630712 | ||
| 003 | OSt | ||
| 005 | 20260227090306.0 | ||
| 008 | 990331s2000 njua 001 0 eng | ||
| 010 | _a 99028231 | ||
| 020 | _a0130131512 | ||
| 020 | _a9780130131515 | ||
| 035 | _a2630712 | ||
| 040 |
_aDLC _cDLC _dDLC |
||
| 042 | _apcc | ||
| 050 | 0 | 0 |
_aQA39.2 _b.C6626 2000 |
| 082 | 0 | 0 |
_a004/.01/51 _221 |
| 100 | 1 |
_aCook, Nigel P., _d1961- |
|
| 245 | 1 | 0 |
_aIntroductory computer mathematics / _cNigel P. Cook. |
| 260 |
_aUpper Saddle River, N.J. : _bPrentice Hall, _cc2000. |
||
| 300 |
_axxi, 373 p. : _bill. (some col.) ; _c26 cm. |
||
| 336 |
_atext _btxt _2rdacontent |
||
| 337 |
_aunmediated _bn _2rdamedia |
||
| 338 |
_avolume _bnc _2rdacarrier |
||
| 500 | _aIncludes index. | ||
| 650 | 0 | _aMathematics. | |
| 650 | 0 |
_aComputer science _xMathematics. |
|
| 906 |
_a7 _bcbc _corignew _d1 _eocip _f19 _gy-gencatlg |
||
| 942 |
_2lcc _cBK |
||
| 999 |
_c265981 _d265980 |
||